00669 2200181 4500001002100000005001700021008004100038035002500079040001200104082000800116084001600124245008300140260007300223300003100296500012500327650002300452850001200475INLIS00000000000897420150805091642.0  a0010-081500000000412 aYOPDYOG a338 aDEP 338 Pro aPRODUK domestik regional bruto propinsi DIY dirinci Kabupaten/Kota tahun 2001. aYogyakartabBadan Perencanaan Pembangunan Daerah Propinsi DIYlc2001 aiv, 29, 66 lembarc; 29 cm aDiterbitkan kerjasama antara Badan Perencanaan Pembangunan Daerah Propinsi DIY dengan Badan Pusat Statistik Propinsi DIY aProduksi (ekonomi) aYOPDYOG